Etica sociale: tesi, testi e annotazioni sulla dottrina sociale della Chiesa
Guardat en:
| Autor principal: | |
|---|---|
| Format: | Llibre |
| Idioma: | italià |
| Publicat: |
Roma
La Guglia
1978
|
| Matèries: | |
| Etiquetes: |
Afegir etiqueta
Sense etiquetes, Sigues el primer a etiquetar aquest registre!
|
MARC
| LEADER | 00000nam a2200000 a 4500 | ||
|---|---|---|---|
| 001 | UCX7246 | ||
| 003 | CL-VaPUC | ||
| 008 | 931202e19780000IT |||||||||||||||||ita|d | ||
| 082 | 0 | 4 | |a 170 |b SPI |2 21 |
| 100 | 0 | |a Spiazzi, Raimondo |e author |9 324058 | |
| 245 | 1 | 0 | |a Etica sociale: tesi, testi e annotazioni sulla dottrina sociale della Chiesa |
| 300 | |a 558 p | ||
| 942 | |c BK | ||
| 945 | |d 19931202 00:00:00 |a mfernand | ||
| 260 | |a Roma |b La Guglia |c 1978 | ||
| 650 | 0 | |a Etica social |9 267623 | |
| 650 | 0 | |a Iglesia católica y problemas sociales |9 255796 | |
| 583 | |a last modification |c 19931202 00:00:00 |k Rodrigo Vera | ||
| 999 | |c 227118 |d 227116 | ||
| 952 | |0 0 |1 0 |4 0 |6 170_000000000000000_SPI_1978 |7 0 |8 P |9 225913 |a BIBENE |b BIBENE |d 2019-11-15 |i 2952572 |o 170 SPI 1978 |p 2952572 |r 2025-01-15 |w 2019-11-15 |y BK |k ICO | ||